Personnages de Tintin et les Picaros - Mort subite - Statistiques

Statistiques générales
  • Ce quiz a été pris 65 fois
  • Le résultat moyen est 10 sur 21
Answers on the Grid
Answers color-coded by a green-red scale on the quiz's grid according to % correct below.
Le capitaine Archibald Haddock
Dupond et Dupont
Le professeur Tryphon Tournesol
Bianca Castafiore
Roberto Rastapopoulos
Le général Alcazar
Nestor
Séraphin Lampion
Allan Thompson
Henri Sanzot
Tchang Tchong Jen
Piotr Szut
Le docteur J.W. Müller
Irma
Igor Wagner
Chiquito
Ridgewell
Caraco
Pablo
Le colonel Diaz
Le colonel Alvarez
Manolo
Zorrino
Huascar
Le "noble fils du soleil"
Le général Tapioca
Le colonel Boris Jorgen
Le colonel Sponsz
Le chat de Moulinsart
Isidore Boullu
Jean-Loup de la Battellerie
Walter Rizotto
Madame Lampion
Peggy Alcazar
Alonso Perez
Kaloma
 
Statistiques - réponses
Réponse % Correct
Le capitaine Archibald Haddock
97%
Le professeur Tryphon Tournesol
90%
Dupond et Dupont
87%
Le général Alcazar
77%
Bianca Castafiore
71%
Séraphin Lampion
58%
Le général Tapioca
48%
Nestor
45%
Igor Wagner
42%
Irma
42%
Peggy Alcazar
42%
Le colonel Alvarez
35%
Le colonel Sponsz
35%
Pablo
35%
Ridgewell
35%
Manolo
29%
Kaloma
19%
Le chat de Moulinsart
19%
Henri Sanzot
16%
Jean-Loup de la Battellerie
16%
Walter Rizotto
16%
Aucun quiz correspondant
Distribution des résultats
% des personnes avec chaque résultat
Percentile par nombre de réponses
Votre historique - résultats
Vous n’avez pas pris ce quiz